| 000 | 01042nam a2200289 a 4500 | ||
|---|---|---|---|
| 001 | 000045591 | ||
| 005 | 20240604194808.0 | ||
| 008 | 110331s1992 dr 000 0 spa d | ||
| 040 |
_aDO-SdBNP _bspa _cBNPHU |
||
| 082 |
_a301 _bI61c, 1992 |
||
| 245 | 0 | 0 |
_aIntroducción a las ciencias sociales : _bselección de lecturas para el texto básico de la materia / _cpresentación Rubén Silié ; textos de Maurice Duverger ... [et. al.]. |
| 250 | _a5a. ed. | ||
| 260 |
_aSanto Domingo : _bTaller, _c1992. |
||
| 300 |
_a129 p. ; _c23 cm. |
||
| 490 | 1 |
_aTextos _aBiblioteca taller _v132 |
|
| 500 | _aA la cabeza del título ICS-011 | ||
| 650 | 0 |
_aCiencias sociales _91065 |
|
| 650 | 0 |
_aSociología _91061 |
|
| 700 | 1 | 2 |
_aSilié, Rubén, _d1946- _91421 |
| 700 | 1 | 2 |
_aDuverger, Maurice _950393 |
| 700 | 1 | 2 |
_aCastillo Morales, Luis R. del _917683 |
| 700 | 1 | 2 |
_aVallois, H. _954525 |
| 700 | 1 | 2 |
_aHiernaux, Jean _954526 |
| 700 | 1 | 2 |
_aCueva, Agustín _944391 |
| 700 | 1 | 2 |
_aStavenhagen, Rodolfo _954527 |
| 830 | 0 |
_aTextos _pBiblioteca taller _v132 _954528 |
|
| 999 |
_c45080 _d45080 |
||